The Roundest Countries (with shapes) - Statistics

General Stats
  • This quiz has been taken 73 times
  • The average score is 5 of 9
Answer Stats
Picture Hint Answer % Correct
0.908 Vatican City
78%
0.923 Nauru
66%
0.903 Poland
66%
0.934 Sierra Leone
65%
0.899 Ivory Coast
57%
0.915 Zimbabwe
54%
0.894 Uruguay
53%
0.896 Eswatini
46%
0.897 Suriname
40%
No matching quizzes found
Score Distribution
Percent of People with Each Score
Percentile by Number Answered
Your Score History
You have not taken this quiz